000 02075cam a22005054i 4500
003 PE-LiUPU
005 20250731173530.0
008 150616s r 000 0 d
020 _a0805462554
035 _a(Sirsi) i9780805462555
040 _aPE-LiUPU
_bspa
_cPE-LiUPU
_erda
049 _aPRUA
082 0 4 _b
_221
100 1 _aDrummond, Lewis A.,
_eautor.
245 1 4 _aThe word of the Cross :
_ba contemporary theology of evangelism /
_cLewis A. Drummond ; foreword by J.I. Packer.
264 1 _aNashville, Tennessee :
_bBroadman & Holman Publishers,
_c1992.
300 _a383 páginas ;
_c23 centímetros
336 _atext
_2rdacontent
337 _aunmediated
_2rdamedia
338 _avolume
_2rdacarrier
504 _aIncluye bibliografía.
505 0 _aThe question of authority.- the trinitarian God of the Bible and evangelism: a unity of purpose.- Key biblical words in evangelism: a scriptural survey.- The ministry of evangelism: a programatic theological study.
526 _aSEG42
526 _aSEG41
526 _aSEG40
526 _aSEG39
526 _aP94
526 _aP87
526 _aP86
526 _aP85
526 _aP77
526 _aP76
526 _aP35
650 0 4 _aEvangelismo
_xFilosofía.
910 _ajck
_bjvq
_cjck
942 _2ddc
_cBOOK
949 _a269.2 D96
_wDEWEY
_c1
_i42237
_lCCODEBUL1
_mBUL
_r0
_sY
_tBOOK
_u2015-4-23
_xTEOLOGIA
_zUNKNOWN
_0COMPRA
_o.STAFF. Colección General
949 _a269.2 D96
_wDEWEY
_c2
_i45773
_lCCODEBUL1
_mBUL
_r0
_sY
_tBOOK
_u2015-6-16
_xTEOLOGIA
_zUNKNOWN
_0COMPRA
_o.STAFF. Colección General
994 _aC0
_bPEPRU
596 _a1
999 _a269.2 D96
_wDEWEY
_c60067
_i42237
_f2021-11-10
_g5
_lCCODEBUL1
_mBUL
_r0
_sY
_tBOOK
_u2015-4-23
_xTEOLOGIA
_zUNKNOWN
_0COMPRA
_o.STAFF. Colección General
_d60067
999 _a269.2 D96
_wDEWEY
_c2
_i45773
_f2021-11-10
_g5
_lCCODEBUL1
_mBUL
_r0
_sY
_tBOOK
_u2015-6-16
_xTEOLOGIA
_zUNKNOWN
_0COMPRA
_o.STAFF. Colección General
980 _81
_gALBERTO SANCHEZ Responsable de Automatización